| 000 | 01272nam a2200397 i 4500 | ||
|---|---|---|---|
| 001 | 3536 | ||
| 003 | KOSZ 005 | ||
| 005 | 20220808121217.0 | ||
| 008 | 981023s1986 pl a |001 0 pol | ||
| 015 | _aPB 1987/745 | ||
| 020 | _a8302001538 | ||
| 035 | _a(OCoLC)749628111 | ||
| 040 |
_aWA N _cWA N _dKOSZ 005/HR |
||
| 041 | 0 | _apol | |
| 046 | _k1972 | ||
| 080 | _a592/595(438:28) | ||
| 100 | 1 |
_aStańczykowska-Piotrowska, Anna _d(1932- ) _eAutor |
|
| 245 | 1 | 0 |
_aZwierzęta bezkręgowe naszych wód / _cAnna Stańczykowska. |
| 250 | _aWyd. 2. | ||
| 260 |
_aWarszawa : _bWydawnictwa Szkolne i Pedagogiczne, _c1986. |
||
| 300 |
_a318, [1] s., [4] s. tabl. kolor. : _bfot., rys. ; _c21 cm. |
||
| 336 |
_2rdacontent _aTekst _btxt |
||
| 337 |
_2rdamedia _aBez urządzenia pośredniczącego _bn |
||
| 338 |
_2rdacarrier _aWolumin _bnc |
||
| 380 | _aKsiążki. | ||
| 388 | _a1901-2000 | ||
| 504 | _aIndeksy. | ||
| 658 | _aBiologia | ||
| 650 | 4 | _aBezkręgowce | |
| 651 | _aPolska | ||
| 650 | 4 | _aSystematyka | |
| 650 | 4 | _aZwierzęta wodne | |
| 710 | 2 |
_aWydawnictwa Szkolne i Pedagogiczne. _4pbl. |
|
| 856 |
_uhttp://koha.tu.koszalin.pl/cgi-bin/koha/opac-detail.pl?biblionumber=3536 _yKatalog online BPK |
||
| 942 |
_2UKD _cKS |
||
| 999 |
_c3536 _d3536 |
||